Central Library OPAC University of Rajshahi

অর্থনৈতিক ও বাণিজ্যিক ভূগোল / (Record no. 55345)

MARC details
000 -LEADER
fixed length control field 01067nam a2200253 a 4500
001 - CONTROL NUMBER
control field 55345
003 - CONTROL NUMBER IDENTIFIER
rucl marc code BD-RjUL
005 - DATE AND TIME OF LATEST TRANSACTION
control field 20211209080242.0
008 - FIXED-LENGTH DATA ELEMENTS--GENERAL INFORMATION
fixed length control field 161116s1977 bg ||||| |||| 00| 0 ben d
020 ## - INTERNATIONAL STANDARD BOOK NUMBER
Terms of availability : TK 20.00
035 ## - SYSTEM CONTROL NUMBER
System control number (BD-RjUL)55467
040 ## - CATALOGING SOURCE
Original cataloging agency BD-RjUL
Language of cataloging ben
Transcribing agency BD-RjUL
041 ## - LANGUAGE CODE
Language code of text/sound track or separate title ben
082 ## - DEWEY DECIMAL CLASSIFICATION NUMBER
Edition number 23
Classification number 330.9
Author mark and year CHA 1977
100 ## - MAIN ENTRY--PERSONAL NAME
Personal name চৌধুরী, মোয়াজ্জেম হোসেন
9 (RLIN) 160591
245 10 - TITLE STATEMENT
Title অর্থনৈতিক ও বাণিজ্যিক ভূগোল /
Statement of responsibility, etc. মোয়াজ্জেম হোসেন চৌধুরী
250 ## - EDITION STATEMENT
Edition statement সংশোধিত, পরিমার্জিত ও পরিবর্ধিত ৫ম সং .
260 ## - PUBLICATION, DISTRIBUTION, ETC. (IMPRINT)
Place of publication, distribution, etc. ঢাকা :
Name of publisher, distributor, etc. বাংলাদেশ বুক করপোরেশন,
Date of publication, distribution, etc. ১৯৭৭
300 ## - PHYSICAL DESCRIPTION
Pagination বিভিন্ন. পৃ. ;
Size ২১ সেমি .
505 ## - FORMATTED CONTENTS NOTE
Formatted contents note খণ্ড. ১ম--
650 ## - SUBJECT ADDED ENTRY--TOPICAL TERM
Topical term or geographic name as entry element Economic Geography
9 (RLIN) 164876
Topical term or geographic name as entry element অর্থনৈতিক ভূগোল
9 (RLIN) 164877
942 ## - ADDED ENTRY ELEMENTS (KOHA)
Source of classification or shelving scheme Dewey Decimal Classification
Koha item type Books
Holdings
Lost status Source of classification or shelving scheme Damaged status Not for loan Collection code Permanent Location Current Location Shelving location Date acquired Source of acquisition Cost, normal purchase price Total Checkouts Full call number Date last seen Date checked out Copy number Koha item type
  Dewey Decimal Classification     Non-fiction Central Library, University of Rajshahi Central Library, University of Rajshahi   19/04/1978 Ureka Book Akademi, Rajshahi 20.00 1 B 330.9 CHA 1977 04/02/2017 02/02/2017 C-2 Books
  Dewey Decimal Classification   Not For Loan Non-fiction Central Library, University of Rajshahi Central Library, University of Rajshahi Reading Room 20/04/1978 Rajshahi : Uraka Book 20.00   B 330.9 CHA 1977 08/12/2020   C-1 Books